000 004650000a22001810004500
005 20120302062534.0
942 _cBOOK
100 _a DEGWEKAR,MA.PA.
245 _a PRADESHIK(HINDI) RASHTRA VADASYA SHALYA CHIKITSA
260 _aPUNE:HERAMBA PRAKASHAN,2001
300 _a54 P.
490 _aSANSKRUT GADYA SAURABHA GRANTHA MALA
040 _aSAN
365 _bRS.20/-
650 _aBHARAT
650 _a PRADESHIK RASHTRA VAAD
650 _a BRITISH KUTNITI
999 _c356995
_d356992